Catálogo Biblioteca Central

La burocrazia statale in italia (Registro nro. 111413)

Detalles MARC
000 -CABECERA
campo de control de longitud fija 00724nam a2200217 4500
001 - NÚMERO DE CONTROL
campo de control 111413
003 - IDENTIFICADOR DEL NÚMERO DE CONTROL
campo de control ES-MaBCM
005 - FECHA Y HORA DE LA ÚLTIMA TRANSACCIÓN
campo de control 20241016140531.0
008 - CÓDIGOS DE INFORMACIÓN DE LONGITUD FIJA
campo de control de longitud fija 051006s1965 esp spa d
021 ## -
-- xx
035 ## - NÚMERO DE CONTROL DEL SISTEMA
Número de control de sistema (OCoLC)1365178691
040 ## - FUENTE DE LA CATALOGACIÓN
Centro transcriptor ES-MaBCM
041 0# - CÓDIGO DE LENGUA
Código de lengua del texto/banda sonora o título independiente ita
245 13 - MENCIÓN DE TÍTULO
Título La burocrazia statale in italia
Mención de responsabilidad etc. Istito per la Scienza dell´Amministrazione Pubblica, Dipartimento di Diritto Amministrativo
260 ## - PUBLICACIÓN, DISTRIBUCIÓN, ETC. (PIE DE IMPRENTA)
Lugar de publicación distribución etc. Milano :
Nombre del editor distribuidor etc. Per i Tipi dell´Editore Giufrè,
Fecha de publicación distribución etc. 1965
300 ## - DESCRIPCIÓN FÍSICA
Extensión VIII, 285 p.
Dimensiones 25 cm
650 27 - PUNTO DE ACCESO ADICIONAL DE MATERIA--TÉRMINO DE MATERIA
Término de materia o nombre geográfico como elemento inicial Burocracia
9 (RLIN) 57783
651 24 - PUNTO DE ACCESO ADICIONAL DE MATERIA--NOMBRE GEOGRÁFICO
Nombre geográfico Italia
9 (RLIN) 115380
700 2# - PUNTO DE ACCESO ADICIONAL--NOMBRE DE PERSONA
Nombre de persona Istituto per la Scienza dell'Amministrazione Pubblica. Dipartimento di Diritto Amministrativo
9 (RLIN) 62915
942 ## - ELEMENTOS DE PUNTO DE ACCESO ADICIONAL (KOHA)
Tipo de ítem Koha Libros
Existencias
Estado de retiro Estado de pérdida Fuente del sistema de clasificación o colocación Estado dañado No para préstamo Localización permanente Ubicación/localización actual Ubicación en estantería Fecha de adquisición Número de inventario Número de registro Signatura topográfica completa Código de barras Precio válido a partir de Tipo de ítem Koha
          Biblioteca Central del Ministerio de la Presidencia Biblioteca Central del Ministerio de la Presidencia Sala 06/10/2005 20967 20967 16126 1016498 06/10/2005 Libros